00402nam a2200157Ia 4500001000500000005001700005008004100022041000800063082001600071100003500087245006300122260000900185300003400194650000800228654000800236315120260306144859.0260306t2016||||xx |||||||||||||| ||spa|| aESP a261.4bM585 aMüller, Gerhard LudwingeAUT 0aInforme sobre la esperanza:bdiálogo con Carlos Granados c2016 axiii, 238 páginas :c20 cm. aGEN aCHU